000 00331 a2200145 4500
001 151024
040 _cEscola São Tomás de Aquino
100 _aBRANDÃO, Toni
240 1 0 _aPerdido na amazônia 1
_lpor
245 1 0 _aPerdido na amazônia 1
300 _a174
362 0 _a2005
697 _a*LITERATURA JUVENIL
942 _cBK
999 _c151024
_d151024